| 000 | 01117nac a22003617a 4500 | ||
|---|---|---|---|
| 001 | BR9903940 | ||
| 003 | BR-BrBNA | ||
| 005 | 20240105122253.0 | ||
| 008 | 230509b bl.|||m| |||| 00| 0 por d | ||
| 040 |
_aBR-BrBNA _bpor _cBiblioteca Nacional de Agricultura |
||
| 072 | _aN20 | ||
| 090 | _a4530 BR9903940 | ||
| 100 | 1 | _aCasao Junior, R. | |
| 100 | 1 | _aAraujo, A.G. de | |
| 100 | 1 | _aRalisch, R. | |
| 100 | 1 | _aSilva, A.L. da | |
| 100 | 1 | _aLadeira, A. de S. | |
| 100 | 1 | _aSilva, J.C. da | |
| 100 | 1 | _aMachado, P. | |
| 100 | 1 | _aRossetto, R. | |
| 110 | 1 |
_aInstituto Agronomico do Parana, Londrina (Brasil) _95630 |
|
| 245 | 1 | _aAvaliacao do desempenho da semeadora-adubadora magnum 2850 PD no basalto paranaense | |
| 260 | 3 |
_aLondrina, PR (Brasil): _c1998. |
|
| 300 | _a47 p. | ||
| 490 |
_aCircular - Instituto Agronomico do Parana (Brazil) _vno. 105 _xISSN 0100-3356 |
||
| 500 | _a13 ref.; 16 tables; 33 illus. | ||
| 650 | _aSemeadura | ||
| 650 | _aAdubadeira | ||
| 650 | _aPlantio Direto | ||
| 650 | _aFertilizante | ||
| 909 |
_a202312 _bLúcia Elande _c55 _dLúcia Elande |
||
| 942 |
_2AGRIS _n0 _cMS |
||
| 999 |
_c290129 _d290129 |
||